000 00570nam a2200181 i 4500
001 20677
003 ES-MaACL
007 t|
008 021115s1875 gw ||||1| eng d
100 1 _aAinsworth, William Harrison.
_918986
245 1 4 _aThe Goldsmith's wife /
_ca tale by William Harrison Ainsworth.
260 _aLeipzig :
_bBeruhard Tauchnit,
_c1875.
300 _a2 t. en 1 v. ;
_c15 cm.
490 1 _aCollection of British authors ;
_v1472-3
830 0 _aCollection of British authors ;
_v1472-3
_9180703
852 _aES-MaACL
_jG-12224
999 _c20677
_d20677